000 00590nam a22002177a 4500
003 UA-OsUOA
001 42746
007 ta
008 20061117b un ||||| |||| 00| 0 ukr d
100 _aКрамаренко О.
090 _a94(477)
_bК-11
942 _cSA
040 _aUA-OsUOA
_bukr
_cUA-OsUOA
_dUA-OsUOA
245 _a"Так званий" голодомор: наслідки для України
300 _aС.1
955 _a0
041 _aukr
080 _a94(477)
773 0 _w42745
650 7 _a9 Географія. Біографії. Історія
_2UDC
999 _c328879
_d328879